[Event "DEM U12/U12w 2013"]
[Site "Oberhof GER"]
[Date "2013.05.24"]
[Round "10"]
[White "Wong, Gengchun"]
[Black "Weller, Uli"]
[Result "1-0"]
[Termination "normal"]
[Board "12"]
[WhiteElo "1654"]
[BlackElo "1501"]
[PlyCount "87"]
[WhiteFideId "12963283"]
[BlackFideId "12971782"]
[EventCountry "GER"]
[EventRounds "11"]
[EventType "swiss"]
[EventDate "2013.05.18"]

1. e4 e6 2. d4 d5 3. Nd2 dxe4 4. Nxe4 Nd7 5. Nf3 Ngf6 6. Bd3 Be7 7. O-O O-O 8.
Bf4 b6 9. Qe2 Bb7 10. Rfe1 Rc8 11. c3 c5 12. h3 Nd5 13. Bh2 N7f6 14. Rac1 h6
15. dxc5 Bxc5 16. Nxc5 Rxc5 17. Rcd1 Kh8 18. c4 Ne7 19. Bc2 Qa8 20. Bd6 Bxf3
21. Qxf3 Qxf3 22. gxf3 Rg5+ 23. Kf1 Re8 24. Ba4 Rc8 25. Bxe7 Rxc4 26. Bxf6 gxf6
27. Re4 Rc7 28. Rg4 Kg7 29. Ke2 h5 30. Rxg5+ fxg5 31. Rd7 Rxd7 32. Bxd7 Kf6 33.
Ke3 Ke7 34. Bb5 f5 35. f4 g4 36. h4 Kd6 37. Be8 e5 38. fxe5+ Kxe5 39. Bxh5 f4+
40. Ke2 f3+ 41. Ke3 Kf5 42. Be8 a6 43. Bd7+ Kg6 44. Bxg4 1-0

[Event "DEM U12/U12w 2013"]
[Site "Oberhof GER"]
[Date "2013.05.24"]
[Round "10"]
[White "Wierzbicki, Jirawat"]
[Black "Acikel, Mert"]
[Result "1/2-1/2"]
[Termination "normal"]
[Board "14"]
[WhiteElo "1704"]
[BlackElo "1727"]
[PlyCount "76"]
[WhiteFideId "1153579"]
[BlackFideId "12956465"]
[EventCountry "GER"]
[EventRounds "11"]
[EventType "swiss"]
[EventDate "2013.05.18"]

1. e4 e5 2. Nf3 Nc6 3. d4 exd4 4. Nxd4 Bc5 5. Nb3 Bb6 6. Nc3 Nge7 7. Qe2 d6 8.
Be3 Be6 9. O-O-O Qd7 10. f3 O-O-O 11. Qf2 Bxb3 12. axb3 Bxe3+ 13. Qxe3 Kb8 14.
Nb5 Rhe8 15. Qf2 a6 16. Nd4 f6 17. Bc4 Nxd4 18. Qxd4 Nc6 19. Qc3 Ne5 20. Be2
Qc6 21. Qd2 Ng6 22. Rhe1 Re7 23. Bc4 Rde8 24. Qb4 Ka7 25. Bd5 Qb6 26. Qd2 Kb8
27. b4 Rd8 28. b3 Rde8 29. Kb2 Rd8 30. Ra1 Rde8 31. Ra5 c6 32. Bc4 d5 33. Bd3
Qd4+ 34. c3 Qb6 35. Rea1 dxe4 36. Bxe4 Rd8 37. Qe1 Red7 38. Bxg6 hxg6 1/2-1/2

[Event "DEM U12/U12w 2013"]
[Site "Oberhof GER"]
[Date "2013.05.24"]
[Round "10"]
[White "Köhler, Inken"]
[Black "Schnabel, Bennett"]
[Result "0-1"]
[Termination "normal"]
[Board "15"]
[WhiteElo "1527"]
[BlackElo "1708"]
[PlyCount "118"]
[WhiteFideId "12929301"]
[BlackFideId "12943290"]
[EventCountry "GER"]
[EventRounds "11"]
[EventType "swiss"]
[EventDate "2013.05.18"]

1. e4 c5 2. d4 cxd4 3. c3 Nf6 4. e5 Nd5 5. Nf3 Nc6 6. cxd4 d6 7. Be2 e6 8. O-O
Be7 9. a3 O-O 10. Bd3 h6 11. Qe2 dxe5 12. dxe5 Bg5 13. Nxg5 hxg5 14. Qh5 g6 15.
Bxg6 fxg6 16. Qxg6+ Kh8 17. Bxg5 Qc7 18. Bf6+ Nxf6 19. exf6 Qh7 20. Qg5 e5 21.
g3 Nd4 22. Nd2 Bf5 23. Qe3 Rae8 24. f4 Nc2 25. Qc3 Nxa1 26. Rxa1 Rxf6 27. fxe5
Rfe6 28. Re1 Qd7 29. Nf3 Qd3 30. Qxd3 Bxd3 31. Ng5 Rc6 32. Rd1 Bf5 33. Re1 Kg7
34. Nf3 Rc5 35. b4 Rd5 36. a4 Bg4 37. Kf2 Bxf3 38. Kxf3 Rdxe5 39. Rxe5 Rxe5 40.
Kf4 Re2 41. h4 Rb2 42. b5 Rb4+ 43. Kf5 Rxa4 44. g4 Ra5 45. h5 Rxb5+ 46. Kf4 a5
47. g5 a4 48. Ke4 Rxg5 49. Kd4 Rxh5 50. Kc4 a3 51. Kb3 a2 52. Kxa2 Rb5 53. Ka3
Kf6 54. Ka4 Rb1 55. Ka3 Ke5 56. Ka2 Rb6 57. Ka3 Kd5 58. Ka4 Kc5 59. Ka3 Kc4 0-1

[Event "DEM U12/U12w 2013"]
[Site "Oberhof GER"]
[Date "2013.05.24"]
[Round "10"]
[White "Reimers, Kim"]
[Black "Müller, Elias"]
[Result "1-0"]
[Termination "normal"]
[Board "16"]
[WhiteElo "1603"]
[BlackElo "1674"]
[PlyCount "21"]
[WhiteFideId "12930377"]
[BlackFideId "12917133"]
[EventCountry "GER"]
[EventRounds "11"]
[EventType "swiss"]
[EventDate "2013.05.18"]

1. e4 c5 2. d4 cxd4 3. c3 dxc3 4. Nxc3 Nc6 5. Bc4 a6 6. Nf3 d6 7. O-O Bg4 8.
Bxf7+ Kxf7 9. Ng5+ Ke8 10. Qxg4 Qd7 11. Qxd7+ 1-0

[Event "DEM U12/U12w 2013"]
[Site "Oberhof GER"]
[Date "2013.05.24"]
[Round "10"]
[White "Degenhard, Simon"]
[Black "Alekhanov, Jannis"]
[Result "1-0"]
[Termination "normal"]
[Board "18"]
[WhiteElo "1711"]
[BlackElo "1675"]
[PlyCount "95"]
[WhiteFideId "12944017"]
[BlackFideId "12921238"]
[EventCountry "GER"]
[EventRounds "11"]
[EventType "swiss"]
[EventDate "2013.05.18"]

1. e4 e5 2. Nf3 Nc6 3. Bb5 a6 4. Ba4 Nf6 5. O-O d6 6. Re1 b5 7. Bb3 Na5 8. c3
Nxb3 9. Qxb3 Be6 10. Qc2 Be7 11. d3 O-O 12. Nbd2 Rc8 13. a4 c5 14. c4 b4 15.
Nf1 a5 16. Ne3 Qe8 17. Nd5 Nd7 18. Ng5 Bxg5 19. Bxg5 f6 20. Be3 h6 21. f4 f5
22. Rf1 Kh8 23. Rf3 g5 24. fxg5 f4 25. Bd2 hxg5 26. h3 Nf6 27. g4 Kg7 28. Nxf6
Rxf6 29. Be1 Rh6 30. b3 Qd7 31. Qg2 Rch8 32. Kf1 Bxg4 33. Qxg4 Qxg4 34. hxg4
Rh1+ 35. Ke2 Rg1 36. Rf1 Rxg4 37. Kf3 Rgh4 38. Bxh4 gxh4 39. Rh1 Kf6 40. Ra2
Rg8 41. Rg2 Rh8 42. Rg4 h3 43. Rh2 Rh5 44. Rg1 Rh8 45. Rgh1 Rh5 46. Rxh3 Rg5
47. Kf2 Kf7 48. Rg1 1-0

[Event "DEM U12/U12w 2013"]
[Site "Oberhof GER"]
[Date "2013.05.24"]
[Round "10"]
[White "Schulze, Lara"]
[Black "Perekhozhuk, Maksym"]
[Result "1-0"]
[Termination "normal"]
[Board "19"]
[WhiteElo "1839"]
[BlackElo "1749"]
[PlyCount "103"]
[WhiteFideId "12956830"]
[BlackFideId "12914860"]
[EventCountry "GER"]
[EventRounds "11"]
[EventType "swiss"]
[EventDate "2013.05.18"]

1. d4 Nf6 2. c4 c5 3. dxc5 Qa5+ 4. Nc3 Qxc5 5. e3 g6 6. Nf3 Bg7 7. Be2 O-O 8.
O-O d6 9. a3 Be6 10. Nd2 Rc8 11. b4 Qc7 12. Bb2 Nbd7 13. Nb5 Qd8 14. Nd4 Nb6
15. Nxe6 fxe6 16. Qb3 Qd7 17. Rfd1 Na4 18. Rac1 Nxb2 19. Qxb2 b6 20. Bf3 Rab8
21. Qb3 Kh8 22. Nf1 Rc7 23. b5 d5 24. e4 d4 25. e5 Ng8 26. Bc6 Qd8 27. f4 Bh6
28. g3 a6 29. a4 axb5 30. axb5 Ra7 31. Rc2 g5 32. Qf3 Ra4 33. Qb3 Ra5 34. Rf2
Rc8 35. Qd3 gxf4 36. gxf4 Qf8 37. Qxd4 Ra4 38. Ne3 Qf7 39. Rdf1 Rb8 40. Qd7 Rf8
41. Qc7 Bxf4 42. Rxf4 Qg6+ 43. Bg2 Rxf4 44. Rxf4 Qg5 45. Rf3 Ra1+ 46. Nf1 Ra2
47. Rg3 Qf4 48. Qd8 Qf2+ 49. Kh1 Qf7 50. Qxb6 Ra1 51. Kg1 Ra2 52. Qe3 1-0

[Event "DEM U12/U12w 2013"]
[Site "Oberhof GER"]
[Date "2013.05.24"]
[Round "10"]
[White "Poetsch, Leonore"]
[Black "Kölz, Niklas"]
[Result "0-1"]
[Termination "normal"]
[Board "20"]
[WhiteElo "1468"]
[BlackElo "1629"]
[PlyCount "80"]
[WhiteFideId "12940372"]
[BlackFideId "12971758"]
[EventCountry "GER"]
[EventRounds "11"]
[EventType "swiss"]
[EventDate "2013.05.18"]

1. e4 c5 2. Nf3 e6 3. c3 Nf6 4. e5 Nd5 5. d4 cxd4 6. cxd4 b6 7. Bd3 Ba6 8. Nc3
Bb4 9. Qc2 Bxd3 10. Qxd3 Qc7 11. Bd2 Bxc3 12. bxc3 d6 13. c4 Ne7 14. O-O Nd7
15. exd6 Qxd6 16. Rac1 Rd8 17. Qb3 a5 18. Be3 Nf5 19. a4 Nxe3 20. fxe3 O-O 21.
Qb5 Rc8 22. Kh1 Rc7 23. Rfd1 Rfc8 24. Rd3 Nc5 25. Rdc3 Ne4 26. Rb3 h6 27. Kg1
Nf6 28. h3 Nd5 29. e4 Nb4 30. e5 Qc6 31. Qxc6 Rxc6 32. Nd2 Rd8 33. Nf3 f6 34.
exf6 gxf6 35. Kf1 Kf7 36. Ke2 Rd7 37. Kd2 Rdc7 38. Rf1 Ke7 39. d5 Rxc4 40. Re3
Nxd5 0-1

[Event "DEM U12/U12w 2013"]
[Site "Oberhof GER"]
[Date "2013.05.24"]
[Round "10"]
[White "Enache, Rares"]
[Black "Weber, Samuel"]
[Result "0-1"]
[Termination "normal"]
[Board "21"]
[WhiteElo "1628"]
[BlackElo "1703"]
[PlyCount "121"]
[WhiteFideId "12976440"]
[BlackFideId "12924008"]
[EventCountry "GER"]
[EventRounds "11"]
[EventType "swiss"]
[EventDate "2013.05.18"]

1. e4 d5 2. exd5 Qxd5 3. Nc3 Qa5 4. d4 Nf6 5. Bd2 c6 6. Nf3 Bf5 7. Bc4 e6 8.
Nd5 Qd8 9. Nxf6+ Qxf6 10. Qe2 Nd7 11. O-O-O Bg4 12. Be3 Be7 13. h3 Bxf3 14.
gxf3 O-O-O 15. Rhg1 h6 16. Rge1 Rhe8 17. Rd3 Nb6 18. Rb3 Bd6 19. Bd3 e5 20.
dxe5 Bxe5 21. Be4 Bf4 22. Bxf4 Qxf4+ 23. Qe3 Qe5 24. f4 Qa5 25. Ra3 Qb4 26. Rd3
g6 27. Rxd8+ Rxd8 28. c3 Qb5 29. Qe2 Qa5 30. Qe3 Qb5 31. Qe2 Qc5 32. f5 gxf5
33. Qh5 Qxf2 34. Qxf5+ Qxf5 35. Bxf5+ Kb8 36. Re7 Rf8 37. Kd2 Nc4+ 38. Ke2 Nxb2
39. Kf3 Nc4 40. Kg4 Nd6 41. Bd7 Rd8 42. Kh5 f5 43. Kxh6 f4 44. Bg4 f3 45. Re3
f2 46. Rf3 Ne4 47. Kg6 Rg8+ 48. Kh6 Rh8+ 49. Kg7 Rh7+ 50. Kg6 Rh8 51. Kg7 Rd8
52. Bf5 Rd1 53. Bxe4 f1=Q 54. Rxf1 Rxf1 55. h4 Rf4 56. Bxc6 bxc6 57. h5 Rf2 58.
h6 Rxa2 59. h7 Rh2 60. h8=Q+ Rxh8 61. Kxh8 0-1

[Event "DEM U12/U12w 2013"]
[Site "Oberhof GER"]
[Date "2013.05.24"]
[Round "10"]
[White "Shoipov, Dennie"]
[Black "Meyling, Lennart"]
[Result "0-1"]
[Termination "normal"]
[Board "22"]
[WhiteElo "1816"]
[BlackElo "1628"]
[PlyCount "60"]
[WhiteFideId "14137755"]
[BlackFideId "12947130"]
[EventCountry "GER"]
[EventRounds "11"]
[EventType "swiss"]
[EventDate "2013.05.18"]

1. e4 c5 2. Nf3 d6 3. d4 cxd4 4. Nxd4 Nf6 5. Nc3 a6 6. Be3 e5 7. Nb3 Be6 8. f3
Nbd7 9. Qd2 b5 10. O-O-O Nb6 11. Bxb6 Qxb6 12. Nd5 Bxd5 13. exd5 a5 14. Kb1 a4
15. Nc1 Be7 16. Qb4 Ra5 17. g4 O-O 18. h4 Rc8 19. g5 Nh5 20. Nd3 Qc7 21. c3 a3
22. Rh2 axb2 23. Kxb2 Ra4 24. Qb3 Rca8 25. Nb4 Ra3 26. Qc2 R8a4 27. Rhd2 Qa5
28. Ra1 Rxb4+ 29. cxb4 Qxb4+ 30. Kc1 Rc3 0-1

[Event "DEM U12/U12w 2013"]
[Site "Oberhof GER"]
[Date "2013.05.24"]
[Round "10"]
[White "Zienert, Richard"]
[Black "Ehmann, Johanna"]
[Result "1-0"]
[Termination "normal"]
[Board "23"]
[WhiteElo "1846"]
[BlackElo "1350"]
[PlyCount "73"]
[WhiteFideId "12945986"]
[BlackFideId "12953130"]
[EventCountry "GER"]
[EventRounds "11"]
[EventType "swiss"]
[EventDate "2013.05.18"]

1. e4 e5 2. Nf3 Nc6 3. Bb5 Nf6 4. O-O a6 5. Ba4 Be7 6. Re1 b5 7. Bb3 O-O 8. d3
d5 9. exd5 Nxd5 10. Nbd2 Rb8 11. Nf1 Bg4 12. h3 Bh5 13. Ng3 Bg6 14. Nxe5 Nxe5
15. Rxe5 Nf6 16. Bd2 Bd6 17. Re1 Re8 18. Qf3 Qd7 19. Bc3 Qd8 20. Rxe8+ Qxe8 21.
Re1 Qd8 22. Nf5 Bxf5 23. Qxf5 Qd7 24. Re6 Re8 25. Rxf6 Qxf5 26. Bxf7+ Kh8 27.
Rxf5 Re7 28. Bd5 h6 29. Rf8+ Kh7 30. Ra8 Re2 31. Be4+ Rxe4 32. dxe4 Kg6 33. Rg8
Kh5 34. Rxg7 c5 35. Bf6 Bg3 36. fxg3 c4 37. g4# 1-0

[Event "DEM U12/U12w 2013"]
[Site "Oberhof GER"]
[Date "2013.05.24"]
[Round "10"]
[White "Wiesner, Alexander"]
[Black "Fromm, Katja"]
[Result "1-0"]
[Termination "normal"]
[Board "24"]
[WhiteElo "1658"]
[BlackElo "1546"]
[PlyCount "53"]
[WhiteFideId "12943991"]
[BlackFideId "12929409"]
[EventCountry "GER"]
[EventRounds "11"]
[EventType "swiss"]
[EventDate "2013.05.18"]

1. f4 d5 2. b3 Qd6 3. e3 e5 4. fxe5 Qxe5 5. Nc3 c6 6. Nf3 Qc7 7. Bb2 Bd6 8.
Nxd5 cxd5 9. Bxg7 f6 10. Bxh8 Bg4 11. c4 d4 12. exd4 Nc6 13. c5 Bf4 14. Bc4
O-O-O 15. Bxg8 Rxg8 16. Bxf6 Re8+ 17. Kf2 Qf7 18. Bh4 Qh5 19. Bg3 Bg5 20. h3
Bxf3 21. Qxf3 Qh6 22. Qg4+ Kd8 23. Rae1 Rf8+ 24. Kg1 Bxd2 25. Re6 Be3+ 26. Kh2
Qg5 27. Bh4 1-0

[Event "DEM U12/U12w 2013"]
[Site "Oberhof GER"]
[Date "2013.05.24"]
[Round "10"]
[White "Rosenhain, Rachela"]
[Black "Laubrock, Paul"]
[Result "1-0"]
[Termination "normal"]
[Board "25"]
[WhiteElo "1335"]
[BlackElo "1671"]
[PlyCount "99"]
[WhiteFideId "12957615"]
[BlackFideId "1270509"]
[EventCountry "GER"]
[EventRounds "11"]
[EventType "swiss"]
[EventDate "2013.05.18"]

1. e4 c5 2. Nf3 e6 3. d4 cxd4 4. Nxd4 Nc6 5. c4 Nge7 6. Nc3 a6 7. Be3 g6 8. Be2
Bg7 9. O-O O-O 10. Qd2 b6 11. Nxc6 Nxc6 12. Na4 Rb8 13. Rab1 a5 14. c5 b5 15.
Nb6 b4 16. Rfd1 Re8 17. Nxd7 Bxd7 18. Qxd7 Rc8 19. Bb5 Qxd7 20. Rxd7 Ne5 21.
Rd2 Red8 22. Rxd8+ Rxd8 23. c6 Rc8 24. Rc1 Bf6 25. c7 Bd8 26. cxd8=Q+ Rxd8 27.
h3 Kg7 28. f4 Rb8 29. fxe5 Rxb5 30. Rc5 Rb7 31. Rxa5 Rd7 32. Rb5 Rd1+ 33. Kf2
Ra1 34. Rxb4 Rxa2 35. Rb8 h5 36. Kf3 f5 37. exf5 gxf5 38. b4 Kf7 39. Bg5 Ra3+
40. Kf4 Ra4 41. Kg3 Ra3+ 42. Kh4 Ra2 43. g3 Ra3 44. b5 Rb3 45. b6 Kg7 46. Kxh5
Rxg3 47. h4 Rb3 48. b7 Rb2 49. Bf6+ Kf7 50. Rh8 1-0

[Event "DEM U12/U12w 2013"]
[Site "Oberhof GER"]
[Date "2013.05.24"]
[Round "10"]
[White "Hoffmann, Fabian"]
[Black "Steffens, Oliver"]
[Result "1/2-1/2"]
[Termination "normal"]
[Board "26"]
[WhiteElo "1650"]
[BlackElo "1432"]
[PlyCount "106"]
[WhiteFideId "12964891"]
[BlackFideId "12947148"]
[EventCountry "GER"]
[EventRounds "11"]
[EventType "swiss"]
[EventDate "2013.05.18"]

1. e4 c5 2. Nf3 Nc6 3. d4 cxd4 4. Nxd4 Nf6 5. Nc3 e5 6. Nb3 d6 7. f3 Be7 8. Be3
O-O 9. Qd2 Be6 10. O-O-O Qd7 11. g4 a6 12. g5 Nh5 13. h4 Rac8 14. Nd5 Bxd5 15.
exd5 Nd8 16. Bh3 Qc7 17. Bxc8 Qxc8 18. Rdg1 Qf5 19. Qe2 Nf4 20. Bxf4 Qxf4+ 21.
Kb1 Re8 22. Qe4 Qxe4 23. fxe4 b6 24. h5 f6 25. g6 h6 26. Rg3 Nb7 27. Rc3 Nc5
28. Nxc5 dxc5 29. Rd1 Bd6 30. Ra3 a5 31. c4 Rb8 32. Rb3 Kf8 33. a4 Ke8 34. Kc2
Ke7 35. Kd2 Kf8 36. Ke3 Ke7 37. Kf3 Kf8 38. Kg4 Ke7 39. Kf5 Rb7 40. Rb5 Rb8 41.
Rd3 Bc7 42. Rdb3 Kd7 43. Rd3 Ke7 44. Rd2 Bd6 45. Rb3 Kd7 46. Rf2 Be7 47. Rff3
Bd6 48. Rb5 Bc7 49. Kg4 Ke7 50. Rbb3 Bd6 51. Rf5 Bc7 52. Rf2 Bd6 53. Rbf3 Rf8
1/2-1/2

[Event "DEM U12/U12w 2013"]
[Site "Oberhof GER"]
[Date "2013.05.24"]
[Round "10"]
[White "Rieß, Alexander"]
[Black "Wurst, Maximilian"]
[Result "1/2-1/2"]
[Termination "normal"]
[Board "27"]
[WhiteElo "1605"]
[BlackElo "1332"]
[PlyCount "85"]
[WhiteFideId "12953326"]
[BlackFideId "12971812"]
[EventCountry "GER"]
[EventRounds "11"]
[EventType "swiss"]
[EventDate "2013.05.18"]

1. e4 e5 2. Nf3 Nc6 3. Nc3 Nf6 4. d4 exd4 5. Nd5 Bc5 6. Bf4 Nxd5 7. exd5 Ne7 8.
d6 Bxd6 9. Bxd6 cxd6 10. Qxd4 O-O 11. Bd3 Nc6 12. Qxd6 Re8+ 13. Kf1 Re6 14. Qf4
d5 15. a3 Qb6 16. b3 Rf6 17. Re1 Be6 18. Qe3 Qxe3 19. Rxe3 Rd8 20. h3 h6 21.
Be2 Bf5 22. Bd3 Be6 23. Nd2 Bf5 24. Bxf5 Rxf5 25. Nf3 Rf6 26. Ke1 Re6 27. Kd2
Rxe3 28. Kxe3 Re8+ 29. Kd2 f6 30. Re1 Rxe1 31. Nxe1 Kf7 32. Nf3 Ke6 33. Ke3 g5
34. Nd4+ Nxd4 35. Kxd4 b6 36. c3 a6 37. a4 Kd6 38. b4 f5 39. a5 b5 40. g3 h5
41. h4 g4 42. Kd3 Ke5 43. Ke3 1/2-1/2

[Event "DEM U12/U12w 2013"]
[Site "Oberhof GER"]
[Date "2013.05.24"]
[Round "10"]
[White "Recktenwald, Cedric"]
[Black "Wolf, Pablo"]
[Result "1/2-1/2"]
[Termination "normal"]
[Board "28"]
[WhiteElo "1042"]
[BlackElo "1506"]
[PlyCount "62"]
[WhiteFideId "12971928"]
[BlackFideId "12943894"]
[EventCountry "GER"]
[EventRounds "11"]
[EventType "swiss"]
[EventDate "2013.05.18"]

1. e4 c5 2. Nf3 Nc6 3. d4 cxd4 4. Nxd4 Nf6 5. Nc3 e5 6. Nf3 Bc5 7. Bc4 d6 8.
Bg5 Qb6 9. O-O Bg4 10. Bb3 Nd4 11. Qd3 Nxf3+ 12. gxf3 Bh3 13. Rfd1 Bxf2+ 14.
Kh1 O-O 15. Qxd6 Qxd6 16. Rxd6 Bd4 17. Rb1 Ne8 18. Rd8 Rxd8 19. Bxd8 Nf6 20.
Ba5 Nh5 21. Ne2 Be3 22. Rd1 Nf4 23. Nxf4 exf4 24. Rd3 Bf1 25. Rd7 Bh3 26. Rd3
h6 27. Bd2 Bxd2 28. Rxd2 Kh7 29. Bd5 b6 30. c4 f5 31. e5 Kg6 1/2-1/2

[Event "DEM U12/U12w 2013"]
[Site "Oberhof GER"]
[Date "2013.05.24"]
[Round "10"]
[White "Groth, Kevin"]
[Black "Ott, Josef Sebastian"]
[Result "0-1"]
[Termination "normal"]
[Board "29"]
[WhiteElo "1399"]
[BlackElo "1600"]
[PlyCount "76"]
[WhiteFideId "12971804"]
[BlackFideId "12952079"]
[EventCountry "GER"]
[EventRounds "11"]
[EventType "swiss"]
[EventDate "2013.05.18"]

1. e4 e5 2. Nf3 Nc6 3. Bb5 Nf6 4. O-O Nxe4 5. Re1 Nd6 6. Bxc6 dxc6 7. Nxe5 Be7
8. Nc3 O-O 9. d3 Bf6 10. Bf4 Bf5 11. Qd2 c5 12. Re2 Bxe5 13. Bxe5 h6 14. Re3
Nc4 15. Qe2 Nxe3 16. Qxe3 b6 17. Qg3 Bg6 18. h4 f6 19. Bxc7 Qd7 20. a4 Bf7 21.
Bf4 Kh8 22. Nb5 Rae8 23. Nd6 Re2 24. Rc1 Qxa4 25. Nf5 Rg8 26. Qf3 Re6 27. g3
Qd7 28. g4 Rge8 29. Kh2 Bg6 30. Rg1 Qc6 31. Qg3 Bxf5 32. gxf5 R6e7 33. Kh3 Qd5
34. Qg4 c4 35. Kh2 cxd3 36. cxd3 Qxd3 37. Qg6 Qd4 38. Be3 Qxh4+ 0-1

[Event "DEM U12/U12w 2013"]
[Site "Oberhof GER"]
[Date "2013.05.24"]
[Round "10"]
[White "Liebeck, Eddie"]
[Black "Riegel, Arinna"]
[Result "1-0"]
[Termination "normal"]
[Board "30"]
[WhiteElo "1726"]
[BlackElo "1306"]
[PlyCount "91"]
[WhiteFideId "12945854"]
[BlackFideId "12931446"]
[EventCountry "GER"]
[EventRounds "11"]
[EventType "swiss"]
[EventDate "2013.05.18"]

1. d4 d5 2. c4 e6 3. Nc3 Nf6 4. Bg5 Be7 5. e3 O-O 6. Nf3 b6 7. a3 Nbd7 8. Rc1
Bb7 9. cxd5 exd5 10. Bd3 h6 11. Bf4 Re8 12. h3 c6 13. O-O Nf8 14. Qc2 Bd6 15.
Bxd6 Qxd6 16. Ne5 Rac8 17. Qa4 a5 18. Qb3 Qd8 19. Na4 b5 20. Nc5 Ba8 21. Rc3
N8d7 22. Nexd7 Nxd7 23. Rfc1 Nxc5 24. Rxc5 Qd7 25. Qc2 Qd6 26. Bxb5 Red8 27.
Bxc6 Bxc6 28. Rxc6 Rxc6 29. Qxc6 Qxc6 30. Rxc6 Rb8 31. Rc5 a4 32. Rxd5 Rxb2 33.
Ra5 Rb1+ 34. Kh2 Rb2 35. Kg3 Kf8 36. Rxa4 Ra2 37. Ra7 g5 38. a4 Ke8 39. a5 f5
40. Rh7 Rxa5 41. Rxh6 Kf7 42. h4 g4 43. Rc6 Ra3 44. Rc5 Ke6 45. Re5+ Kf6 46.
Kf4 1-0

[Event "DEM U12/U12w 2013"]
[Site "Oberhof GER"]
[Date "2013.05.24"]
[Round "10"]
[White "Schulz, Theresa Charlotte"]
[Black "Petersen, Marcel"]
[Result "0-1"]
[Termination "normal"]
[Board "31"]
[WhiteElo "1306"]
[BlackElo "1582"]
[PlyCount "88"]
[WhiteFideId "12952206"]
[BlackFideId "12935670"]
[EventCountry "GER"]
[EventRounds "11"]
[EventType "swiss"]
[EventDate "2013.05.18"]

1. e4 c5 2. Nc3 d6 3. f4 Nc6 4. Nf3 g6 5. a3 Bg7 6. Bc4 Nf6 7. O-O O-O 8. d3
Bg4 9. h3 Bxf3 10. Qxf3 Nd4 11. Qf2 a6 12. Ne2 Nxc2 13. Rb1 d5 14. exd5 Nxd5
15. Bxd5 Qxd5 16. Nc3 Qxd3 17. Rd1 Qd4 18. Qxd4 Nxd4 19. Rd3 Rad8 20. Rg3 b5
21. Kh1 b4 22. axb4 cxb4 23. Ne4 Ne2 24. Re3 Rd1+ 25. Kh2 Rxc1 26. Rxc1 Nxc1
27. Nc5 Bxb2 28. Nxa6 b3 29. Rxe7 Ra8 30. Nc5 Ba3 31. Rb7 Bxc5 32. Kg3 Bd4 33.
Kf3 b2 34. Ke4 Bc3 35. g4 Ra4+ 36. Ke3 Bb4 37. f5 gxf5 38. gxf5 Kg7 39. f6+ Kg6
40. h4 b1=Q 41. h5+ Kh6 42. Rxf7 Qd3+ 43. Kf2 Ra2+ 44. Kg1 Qd1# 0-1

[Event "DEM U12/U12w 2013"]
[Site "Oberhof GER"]
[Date "2013.05.24"]
[Round "10"]
[White "Heldt, Nils-Lennart"]
[Black "Lellek, Lewin Louis"]
[Result "0-1"]
[Termination "normal"]
[Board "32"]
[WhiteElo "1499"]
[BlackElo "1276"]
[PlyCount "32"]
[WhiteFideId "12952109"]
[BlackFideId "12971820"]
[EventCountry "GER"]
[EventRounds "11"]
[EventType "swiss"]
[EventDate "2013.05.18"]

1. e4 c5 2. Nf3 Nc6 3. d4 cxd4 4. Nxd4 Nf6 5. Nc3 g6 6. Be3 Bg7 7. f3 O-O 8.
Qd2 d5 9. Nxc6 bxc6 10. O-O-O Qa5 11. e5 Nd7 12. f4 Rb8 13. Qe1 Qb4 14. b3 a5
15. Kb1 e6 16. Nxd5 cxd5 0-1

[Event "DEM U12/U12w 2013"]
[Site "Oberhof GER"]
[Date "2013.05.24"]
[Round "10"]
[White "Nguyen, Ha Thanh"]
[Black "Forster, Lukas"]
[Result "1/2-1/2"]
[Termination "normal"]
[Board "34"]
[WhiteElo "1570"]
[BlackElo "1494"]
[PlyCount "42"]
[WhiteFideId "12942154"]
[BlackFideId "12971790"]
[EventCountry "GER"]
[EventRounds "11"]
[EventType "swiss"]
[EventDate "2013.05.18"]

1. c4 e6 2. Nc3 d5 3. cxd5 exd5 4. d4 Nf6 5. Bg5 Be6 6. e3 Nbd7 7. Bd3 Be7 8.
Nge2 O-O 9. Qc2 c5 10. O-O Rc8 11. Qd2 a6 12. f3 Qb6 13. Bh4 Rfe8 14. Bf2 cxd4
15. exd4 Nf8 16. Nf4 Ng6 17. Nxe6 Qxe6 18. Rfe1 Qb6 19. Bxg6 hxg6 20. Bh4 Rcd8
21. Kh1 Qc7 1/2-1/2

[Event "DEM U12/U12w 2013"]
[Site "Oberhof GER"]
[Date "2013.05.24"]
[Round "10"]
[White "Ewert, Hannes"]
[Black "Flach, Helene"]
[Result "1-0"]
[Termination "normal"]
[Board "35"]
[WhiteElo "1678"]
[BlackElo "1272"]
[PlyCount "63"]
[WhiteFideId "12961574"]
[BlackFideId "12929735"]
[EventCountry "GER"]
[EventRounds "11"]
[EventType "swiss"]
[EventDate "2013.05.18"]

1. e4 e5 2. Nf3 Nc6 3. Nc3 Nf6 4. a3 d5 5. exd5 Nxd5 6. Nxe5 Nxe5 7. Qe2 Be6 8.
Qxe5 Qe7 9. Nxd5 Bxd5 10. Qxe7+ Bxe7 11. d4 O-O-O 12. Be3 Rhe8 13. O-O-O Rd6
14. Rg1 a6 15. Bd3 Bf6 16. c3 Rc6 17. Bc2 h6 18. a4 Kb8 19. a5 g5 20. Ba4 h5
21. Bxc6 Bxc6 22. d5 Bb5 23. d6 cxd6 24. Rxd6 Be5 25. Rd2 Bxh2 26. Rh1 Bc7 27.
Rxh5 Bxa5 28. Rxg5 Bc7 29. b3 Bd8 30. Rgd5 Bf6 31. Bd4 Bg5 32. Rxg5 1-0

[Event "DEM U12/U12w 2013"]
[Site "Oberhof GER"]
[Date "2013.05.24"]
[Round "10"]
[White "Möller, Lisa-Marie"]
[Black "Bureik, Nicolas"]
[Result "1-0"]
[Termination "normal"]
[Board "36"]
[WhiteElo "1492"]
[BlackElo "1183"]
[PlyCount "89"]
[WhiteFideId "12959367"]
[BlackFideId "12971863"]
[EventCountry "GER"]
[EventRounds "11"]
[EventType "swiss"]
[EventDate "2013.05.18"]

1. e4 d5 2. d4 dxe4 3. Nc3 Nf6 4. Bg5 e6 5. Nxe4 Be7 6. Bxf6 Bxf6 7. Nxf6+ Qxf6
8. Nf3 O-O 9. Bd3 Nd7 10. O-O c5 11. c3 b6 12. Qc2 h6 13. Be4 Rb8 14. Rfe1 Bb7
15. Rad1 cxd4 16. Nxd4 Bxe4 17. Qxe4 Nc5 18. Qf3 Qxf3 19. Nxf3 Rbd8 20. Ne5 Na4
21. Nd3 Rfe8 22. c4 Kf8 23. Kf1 Ke7 24. b3 Nc5 25. Nxc5 bxc5 26. Ke2 Rd7 27.
Rxd7+ Kxd7 28. Rd1+ Ke7 29. Ke3 a5 30. f4 f5 31. Kf3 Rd8 32. Rxd8 Kxd8 33. Ke3
g5 34. g3 g4 35. Kd3 Kc7 36. Kc3 Kb6 37. a3 Kc6 38. b4 axb4+ 39. axb4 Kd6 40.
bxc5+ Kxc5 41. Kd3 Kc6 42. Kd4 Kd6 43. c5+ Kc6 44. Ke5 Kd7 45. c6+ 1-0

[Event "DEM U12/U12w 2013"]
[Site "Oberhof GER"]
[Date "2013.05.24"]
[Round "10"]
[White "Merker, Vivien"]
[Black "Wübker, Paul-Luca"]
[Result "0-1"]
[Termination "normal"]
[Board "37"]
[WhiteElo "1255"]
[BlackElo "1479"]
[PlyCount "78"]
[WhiteFideId "12927260"]
[BlackFideId "12939528"]
[EventCountry "GER"]
[EventRounds "11"]
[EventType "swiss"]
[EventDate "2013.05.18"]

1. e4 c5 2. Nc3 d6 3. Nf3 Nf6 4. Bc4 Nc6 5. O-O g6 6. d4 cxd4 7. Nxd4 Bg7 8.
Be3 O-O 9. h3 Bd7 10. Qd2 a6 11. Rad1 Qc7 12. Bh6 Nxd4 13. Bxg7 Nf3+ 14. gxf3
Kxg7 15. Bd5 Bxh3 16. Rfe1 Bd7 17. Kf1 Bc6 18. Ke2 Bxd5 19. Nxd5 Nxd5 20. exd5
Qc4+ 21. Qd3 Qxd3+ 22. Rxd3 Rac8 23. Kd1 Rc7 24. f4 f5 25. f3 Re8 26. b3 b5 27.
Rd2 Rc3 28. Rf2 Kf7 29. Kd2 Rc5 30. Kc1 Rxd5 31. Rd2 Rxd2 32. Kxd2 Rc8 33. Re2
b4 34. Ke1 Rc5 35. Kd1 Ra5 36. c4 bxc3 37. Kc1 Rc5 38. Kc2 d5 39. Rh2 h5 0-1